| 000 | 00806nam a2200253 a 4500 | ||
|---|---|---|---|
| 001 | 000030173 | ||
| 003 | DO-SdBNP | ||
| 005 | 20231009135032.0 | ||
| 007 | 000030173 | ||
| 008 | 110503s2009 dr a 001 f spa d | ||
| 020 | _a9789945460391 | ||
| 040 |
_aBPMSU _bspa _cBPMSU |
||
| 082 | 4 |
_aCu863.5 _bC352h 2009 _222 |
|
| 100 | 1 |
_aCastillo Villalón, Lady Diana, _d1981- |
|
| 245 | 1 | 3 |
_aLa hija del rey / _cLady Diana Castillo Villalón. |
| 260 |
_aSanto Domingo : _bEditorial Santuario, _c2009. |
||
| 300 |
_a112 p. : _bil. ; _c22 cm. |
||
| 500 | _aIncluye datos biográficos de la autora en las solapas de la cubierta. | ||
| 590 | _aInventariado, 2023/VM | ||
| 650 | 4 | _aCuentos juveniles cubanos | |
| 650 | 4 | _aLiteratura juvenil cubana | |
| 910 | _aVMateo V. Control de calidad BPMSU | ||
| 942 |
_2ddc _cBK |
||
| 999 |
_c7363 _d7363 |
||